Statistiques concernant Personnages de jeux-vidéo en images - L

Cliquez ici pour prendre le quiz!

Statistiques générales

  • Ce quiz a été pris 149 fois
  • Le résultat moyen est 7 sur 16

Statistiques - réponses

Réponse% Correct
Lara Croft
98%
Luigi
98%
Lapin Crétin
93%
Link
88%
Lakitu
68%
Lucas
52%
Leon Kennedy
51%
Little Mac
43%
Lucina
34%
Lillie
31%
Luke Triton
28%
Lloyd Irving
9%
Linoa Heartilly
7%
Leroy Smith
3%
Le Chasseur
1%
L'Étranger
1%

Distribution des résultats

Percentile par nombre de réponses

% des personnes avec chaque résultat

Votre développement - résultats

Vous n’avez pas pris ce quiz